000 00820nam a2200241 4500
003 LK-CoMWRAF
005 20231118102636.0
008 231118b2008 |||||||| |||| 00| 0 eng d
022 _a15609677
040 _aLK-CoMWRAF
_dLK-CoMWRAF
_eLK-CoMWRAF
041 _aeng
082 _a305.42
_bWOM
110 _aWomen living under muslim laws
245 _aDossier 29:
_bMechanisms and Structures to Promote and Protect Women’s Human Rights and Gender Equality
260 _aLondon:
_bWomen living under muslim laws
_c2008
300 _axiv, 146 p.
650 _aMUSLIM WOMEN-Social conditions--Periodicals
650 _aWomen (Islamic law)--Periodicals
700 _aManjoo, Rashida
_eed.
700 _aDeRemer, Kristen
_eed.
856 _uhttps://www.wluml.org/wp-content/uploads/2008/10/D29.pdf
942 _cBK
999 _c4137
_d4137